[Event "V Open Estate Vomero"]
[Site "Napoli ITA"]
[Date "2011.05.05"]
[Round "1"]
[White "Accardo, Francesco"]
[Black "Della Corte, Alessandro"]
[Result "0-1"]
[WhiteElo "1874"]
[BlackElo "2253"]
[PlyCount "180"]
[EventDate "2011.05.06"]

1. g4 d6 2. Bg2 c6 3. h3 e5 4. c4 g6 5. d4 Bg7 6. d5 c5 7. e4 Nd7 8. Nc3 a6 9.
Nf3 Rb8 10. a4 b6 11. b3 Ngf6 12. Bg5 Qc7 13. Qd3 h5 14. Bxf6 Bxf6 15. g5 Bg7
16. h4 O-O 17. Bh3 Qd8 18. Kd2 Qe7 19. Ra2 Kh7 20. Qe3 Kh8 21. Kd1 Re8 22. Qd3
Bb7 23. Ne2 b5 24. a5 bxc4 25. bxc4 Bc8 26. Nc3 Nf8 27. Nd2 Bxh3 28. Qxh3 Rb7
29. Kc2 f6 30. gxf6 Qxf6 31. Qf3 Qxf3 32. Nxf3 Rf7 33. Rh3 Nh7 34. Nd1 Rb8 35.
Nd2 Bh6 36. Rf3 Rxf3 37. Nxf3 Nf6 38. Nc3 Kg7 39. Ne1 g5 40. hxg5 Bxg5 41. Nf3
Kh6 42. Ra1 Ng4 43. Rg1 Bd8 44. Nd1 Rb4 45. Nd2 Bxa5 46. f3 Nf6 47. Ne3 Ra4 48.
Nf5+ Kh7 49. Rg7+ Kh8 50. Nb3 Rxc4+ 51. Kd1 Bb6 52. Rf7 Ng8 53. Nxd6 Rb4 54.
Nd2 h4 55. Rf5 a5 56. Nf7+ Kg7 57. Nxe5 a4 58. Nec4 Nf6 59. Rg5+ Kf8 60. Ke2
Bd8 61. Rf5 Ke7 62. d6+ Ke6 63. Re5+ Kf7 64. Rxc5 h3 65. f4 Rb7 66. Nf3 Nxe4
67. Rf5+ Kg6 68. Rf8 Bf6 69. Nce5+ Kg7 70. Rc8 a3 71. d7 a2 72. Ra8 Rb1 73. Kd3
Nc5+ 74. Kc4 Rc1+ 75. Kb5 a1=Q 76. Rxa1 Rxa1 77. Kxc5 Ra2 78. Ng4 Be7+ 79. Kd5
Kf7 80. Nfe5+ Kg7 81. Ke6 Bd8 82. f5 h2 83. f6+ Bxf6 84. Nxf6 Ra6+ 85. Ke7 Rxf6
86. d8=Q h1=Q 87. Qc7 Qd5 88. Ke8+ Kg8 89. Nd7 Qa8+ 90. Nb8 Qxb8+ 0-1

[Event "V Open Estate Vomero"]
[Site "Napoli ITA"]
[Date "2011.05.05"]
[Round "1"]
[White "Angelotti, Mario"]
[Black "Caporali, Dante"]
[Result "1/2-1/2"]
[WhiteElo "1820"]
[BlackElo "1568"]
[PlyCount "101"]
[EventDate "2011.05.06"]

1. e4 e6 2. d4 d5 3. Nd2 Nf6 4. e5 Nfd7 5. Bd3 c5 6. c3 Nc6 7. Ne2 Qb6 8. Nf3
f6 9. exf6 Nxf6 10. O-O Bd6 11. Re1 O-O 12. Bf4 Bxf4 13. Nxf4 Ne4 14. Nh3 cxd4
15. Rxe4 dxe4 16. Bxe4 e5 17. Bd5+ Kh8 18. Nfg5 g6 19. Nf7+ Rxf7 20. Bxf7 Bxh3
21. gxh3 Rf8 22. Qb3 Qxb3 23. Bxb3 dxc3 24. bxc3 Rd8 25. Kg2 Kg7 26. Rd1 Kf6
27. Rxd8 Nxd8 28. Bd5 b6 29. h4 h5 30. Kf3 Ne6 31. c4 Nd4+ 32. Ke4 Nf5 33. Bb7
Nxh4 34. Kd5 Nf3 35. h3 Nd2 36. Ba6 h4 37. Bc8 g5 38. Bg4 Nb1 39. Kc6 e4 40.
Be2 Nd2 41. Kb7 Ke5 42. Kxa7 Kd4 43. Kxb6 Nxc4+ 44. Bxc4 Kxc4 45. a4 g4 46. a5
gxh3 47. a6 h2 48. a7 h1=Q 49. a8=Q Qb1+ 50. Kc7 Kd3 51. Qd5+ 1/2-1/2

[Event "V Open Estate Vomero"]
[Site "Napoli ITA"]
[Date "2011.05.05"]
[Round "1"]
[White "Borrelli, Salvatore"]
[Black "Avolio, Giovanni"]
[Result "0-1"]
[WhiteElo "1968"]
[BlackElo "1838"]
[PlyCount "84"]
[EventDate "2011.05.06"]

1. Nf3 g6 2. c4 Bg7 3. Nc3 c5 4. d4 cxd4 5. Nxd4 Nc6 6. Be3 Nf6 7. f3 Ne5 8. b3
O-O 9. Bf2 d5 10. cxd5 Nxd5 11. Qd2 Nxc3 12. Qxc3 Bd7 13. Qd2 Rc8 14. Rc1 Rxc1+
15. Qxc1 Qa5+ 16. Qd2 Qxd2+ 17. Kxd2 Rd8 18. e4 Nc6 19. Nxc6 Bxc6+ 20. Kc2 Bh6
21. Bd3 Bf4 22. a3 a6 23. b4 Ba4+ 24. Kc3 Rc8+ 25. Bc5 b6 26. Bxa6 Rc7 27. Kd4
bxc5+ 28. bxc5 e5+ 29. Kd5 Rd7+ 30. Kc4 Rd4+ 31. Kc3 Bd2+ 32. Kb2 Ba5 33. Rc1
Rd2+ 34. Ka1 Rd1 35. Rxd1 Bxd1 36. Kb2 Ba4 37. Bb7 Kf8 38. Bd5 f6 39. Bb3 Bb5
40. Be6 Ke7 41. Bg8 h6 42. Bh7 Kf7 0-1

[Event "V Open Estate Vomero"]
[Site "Napoli ITA"]
[Date "2011.05.05"]
[Round "1"]
[White "Buiano, Fabio"]
[Black "Caiazzo, Diego"]
[Result "0-1"]
[WhiteElo "2108"]
[BlackElo "1854"]
[PlyCount "92"]
[EventDate "2011.05.06"]

1. e4 e6 2. d3 c5 3. Nf3 d6 4. g3 Nf6 5. Bg2 Be7 6. O-O O-O 7. Nbd2 Nc6 8. Re1
Qc7 9. c3 d5 10. Qc2 b5 11. Nf1 Bb7 12. h4 dxe4 13. dxe4 c4 14. N1h2 Rad8 15.
e5 Nd7 16. Bf4 Nc5 17. Ng5 Nd3 18. Ng4 Bxg5 19. hxg5 Nxe1 20. Rxe1 Ne7 21. Nf6+
gxf6 22. exf6 Qd7 23. fxe7 Qxe7 24. Bxb7 Qxb7 25. Be5 Qf3 26. Bf6 Rd3 27. Qe2
Qxe2 28. Rxe2 Rc8 29. Kg2 Rc7 30. f4 Rcd7 31. Bd4 a6 32. Kf2 Rd5 33. Kg2 Kf8
34. Kh3 R5xd4 35. cxd4 Rxd4 36. Kg2 a5 37. Kf2 Ke7 38. Rc2 Kd6 39. Kf3 b4 40.
Ke3 Kd5 41. Kf3 Rd3+ 42. Kf2 Kd4 43. Re2 c3 44. bxc3+ bxc3 45. Rc2 Rd2+ 46.
Rxd2+ cxd2 0-1

[Event "V Open Estate Vomero"]
[Site "Napoli ITA"]
[Date "2011.05.05"]
[Round "1"]
[White "Capone, Vincenzo"]
[Black "Esposito, Pino"]
[Result "1-0"]
[WhiteElo "2128"]
[BlackElo "1861"]
[PlyCount "65"]
[EventDate "2011.05.06"]

1. d4 Nf6 2. c4 g6 3. Nc3 Bg7 4. e4 d6 5. f3 O-O 6. Be3 Nbd7 7. Bd3 c5 8. d5 a6
9. Nge2 Ne5 10. O-O Rb8 11. a4 b6 12. h3 Bd7 13. f4 Nxd3 14. Qxd3 Ne8 15. Rab1
f5 16. Ng3 Bh8 17. exf5 gxf5 18. b4 Ra8 19. a5 bxa5 20. bxc5 dxc5 21. Bxc5 Nd6
22. Bd4 Bxd4+ 23. Qxd4 Qe8 24. Rfe1 Rf7 25. Nh5 Qf8 26. Re3 Ne8 27. Rg3+ Ng7
28. c5 e5 29. fxe5 f4 30. Rg5 h6 31. Nf6+ Kh8 32. Nxd7 Rxd7 33. e6 1-0

[Event "V Open Estate Vomero"]
[Site "Napoli ITA"]
[Date "2011.05.05"]
[Round "1"]
[White "De Rosa, Francesco"]
[Black "Saccone, Fabio"]
[Result "0-1"]
[WhiteElo "1962"]
[BlackElo "2308"]
[PlyCount "68"]
[EventDate "2011.05.06"]

1. e4 c5 2. Nf3 d6 3. d3 Nc6 4. c3 Nf6 5. g3 g6 6. Bg5 Bg7 7. Bg2 O-O 8. Qd2 d5
9. Bxf6 Bxf6 10. O-O dxe4 11. dxe4 Be6 12. Qc2 Qb6 13. Rd1 Rfd8 14. Nbd2 Rd7
15. Re1 Rad8 16. Bf1 Ne5 17. Re3 Bg4 18. h3 Nxf3+ 19. Nxf3 Be6 20. e5 Bg7 21.
g4 Bh6 22. Rd3 Qc6 23. Rxd7 Rxd7 24. Be2 Bf4 25. c4 Kg7 26. Rd1 Rxd1+ 27. Qxd1
Qc7 28. Qc2 Bxe5 29. Ng5 Bd7 30. Bf3 Bd4 31. Kg2 Qf4 32. h4 Bxg4 33. Qe4 Bxf3+
34. Qxf3 Qxf3+ 0-1

[Event "V Open Estate Vomero"]
[Site "Napoli ITA"]
[Date "2011.05.05"]
[Round "1"]
[White "Esposito, Rosario"]
[Black "Pinto, Gaetano"]
[Result "1/2-1/2"]
[WhiteElo "1841"]
[BlackElo "2027"]
[PlyCount "33"]
[EventDate "2011.05.06"]

1. d4 d6 2. c4 e5 3. d5 Nf6 4. Nc3 g6 5. e4 Bg7 6. f3 Nbd7 7. Be3 c6 8. Bd3 a6
9. Nge2 cxd5 10. cxd5 b6 11. O-O O-O 12. a3 Nh5 13. Na2 Nc5 14. Nb4 Nxd3 15.
Qxd3 f5 16. Nc6 Qc7 17. Rac1 1/2-1/2

[Event "V Open Estate Vomero"]
[Site "Napoli ITA"]
[Date "2011.05.05"]
[Round "1"]
[White "Gallina, Giacomo"]
[Black "Sparice, Lorenzo"]
[Result "1-0"]
[WhiteElo "1698"]
[BlackElo "1374"]
[PlyCount "41"]
[EventDate "2011.05.06"]

1. e4 c5 2. Nc3 e6 3. Bc4 b6 4. d3 a6 5. a4 Nf6 6. e5 Bb7 7. Nf3 d5 8. Bb3 Nfd7
9. O-O Nc6 10. Re1 Nd4 11. Nxd4 cxd4 12. Nb1 Be7 13. Nd2 b5 14. Qg4 O-O 15. Nf3
h6 16. Bxh6 g5 17. Bxg5 f5 18. exf6 Nxf6 19. Bxf6+ Kf7 20. Ne5+ Kxf6 21. Qg6#
1-0

[Event "V Open Estate Vomero"]
[Site "Napoli ITA"]
[Date "2011.05.05"]
[Round "1"]
[White "Improta, Giovanni"]
[Black "Messina, Enrico"]
[Result "0-1"]
[WhiteElo "1861"]
[BlackElo "2127"]
[PlyCount "86"]
[EventDate "2011.05.06"]

1. e4 c5 2. Nf3 d6 3. d4 cxd4 4. Nxd4 Nf6 5. Nc3 g6 6. Be2 Bg7 7. O-O O-O 8.
Kh1 Nc6 9. Be3 d5 10. Nxc6 bxc6 11. e5 Nd7 12. f4 e6 13. Na4 Qa5 14. c3 Ba6 15.
Bxa6 Qxa6 16. Nc5 Nxc5 17. Bxc5 Rfb8 18. b4 Bf8 19. Qd4 Bxc5 20. Qxc5 Qb6 21.
Qxb6 Rxb6 22. g4 a5 23. a3 Rba6 24. Rfc1 Kf8 25. Kg2 Ke7 26. Kf3 axb4 27. cxb4
Rxa3+ 28. Rxa3 Rxa3+ 29. Ke2 Kd7 30. f5 gxf5 31. gxf5 exf5 32. Rf1 Ke6 33. Rc1
Ra6 34. Kd3 Kxe5 35. Re1+ Kd6 36. Rf1 Ra3+ 37. Kd4 Rb3 38. Rxf5 Rxb4+ 39. Kc3
Ra4 40. Rxf7 Ra2 41. Kd4 Ra4+ 42. Kd3 Kc5 43. Rf3 Ra5 0-1

[Event "V Open Estate Vomero"]
[Site "Napoli ITA"]
[Date "2011.05.05"]
[Round "1"]
[White "Miccoli, Livio"]
[Black "Solombrino, Giovanni"]
[Result "0-1"]
[WhiteElo "1671"]
[BlackElo "1838"]
[PlyCount "42"]
[EventDate "2011.05.06"]

1. e4 c5 2. Nc3 Nc6 3. g3 g6 4. Bg2 Bg7 5. Nge2 Nf6 6. d3 O-O 7. O-O d6 8. Be3
Rb8 9. h3 b6 10. Qd2 Bb7 11. Bh6 e6 12. g4 d5 13. g5 Bxh6 14. gxh6 dxe4 15.
Nxe4 Nxe4 16. Bxe4 Qh4 17. Kh2 Ne5 18. Qc3 Ng4+ 19. Kg1 Nxh6 20. Ng3 Qxh3 21.
Bxb7 Ng4 0-1

[Event "V Open Estate Vomero"]
[Site "Napoli ITA"]
[Date "2011.05.05"]
[Round "1"]
[White "Morace, Vitaliano"]
[Black "De Meo, Guido"]
[Result "0-1"]
[WhiteElo "1637"]
[BlackElo "1826"]
[PlyCount "56"]
[EventDate "2011.05.06"]

1. Nf3 d5 2. g3 Nf6 3. Bg2 g6 4. O-O Bg7 5. d3 O-O 6. Nbd2 c5 7. Re1 Nc6 8. e4
dxe4 9. dxe4 Qc7 10. c3 Rd8 11. Qc2 Ng4 12. h3 Nge5 13. Nxe5 Nxe5 14. Nf3 Nd3
15. Rd1 c4 16. Ne1 Nxc1 17. Raxc1 Bd7 18. Qe2 Rac8 19. f4 e5 20. fxe5 Bxe5 21.
Nf3 Bxg3 22. e5 Re8 23. Qd2 Bc6 24. Qh6 Bxf3 25. Bxf3 Bxe5 26. Bd5 Bf4 27. Qh4
Qc5+ 28. Qf2 Be3 0-1

[Event "V Open Estate Vomero"]
[Site "Napoli ITA"]
[Date "2011.05.05"]
[Round "1"]
[White "Rosato, Luciano"]
[Black "Gallo, Thomas Renato"]
[Result "1-0"]
[WhiteElo "2272"]
[BlackElo "1881"]
[PlyCount "77"]
[EventDate "2011.05.06"]

1. Nf3 d5 2. g3 g6 3. Bg2 Bg7 4. d3 e5 5. O-O Ne7 6. Nc3 O-O 7. Bg5 c6 8. e4 d4
9. Ne2 h6 10. Bd2 c5 11. Ne1 Nbc6 12. f4 f5 13. Nf3 Qc7 14. Rf2 Be6 15. fxe5
Nxe5 16. Nxe5 Qxe5 17. Bf4 Qf6 18. Bd6 Bd7 19. e5 Qe6 20. Nf4 Qf7 21. Bxe7 Qxe7
22. Nxg6 Qe6 23. Nxf8 Rxf8 24. Bxb7 Qxe5 25. Qf1 Qc7 26. Bd5+ Kh8 27. Re1 Qd6
28. Qg2 Bf6 29. Rfe2 Bg5 30. c4 f4 31. h4 f3 32. Bxf3 Bxh4 33. gxh4 Rg8 34.
Qxg8+ Kxg8 35. Rg2+ Kh8 36. Bd5 h5 37. Rg5 Bg4 38. Re8+ Kh7 39. Be4+ 1-0

[Event "V Open Estate Vomero"]
[Site "Napoli ITA"]
[Date "2011.05.05"]
[Round "1"]
[White "Zinnai, Graziano Matteo"]
[Black "Di Gennaro, Antonio"]
[Result "1-0"]
[WhiteElo "1836"]
[BlackElo "1652"]
[PlyCount "93"]
[EventDate "2011.05.06"]

1. e4 c5 2. Nf3 d6 3. c3 Nf6 4. Be2 Bd7 5. d3 Nc6 6. O-O e6 7. Nbd2 Qb6 8. h3
Be7 9. Re1 O-O 10. Nc4 Qc7 11. Bf4 e5 12. Bg5 b5 13. Ne3 Be6 14. Qc2 Rac8 15.
a4 a6 16. Rac1 Qd7 17. Bf1 h6 18. Bxf6 Bxf6 19. Nd5 Bxd5 20. exd5 Ne7 21. c4 b4
22. Nd2 g6 23. Be2 Bg7 24. b3 Rfe8 25. Bf3 Nf5 26. Bg4 h5 27. Bxf5 Qxf5 28. Ne4
Qd7 29. Rcd1 Qd8 30. Qe2 Bh6 31. Qf3 f5 32. Ng3 Qg5 33. Ne2 e4 34. dxe4 fxe4
35. Qg3 Qxg3 36. Nxg3 e3 37. fxe3 Bxe3+ 38. Kh2 Bf4 39. h4 Kg7 40. Kh3 Bxg3 41.
Kxg3 Kh6 42. Re6 Rxe6 43. dxe6 Re8 44. Rxd6 a5 45. Kf4 Kg7 46. Ke5 Re7 47. Rd7
1-0

[Event "V Open Estate Vomero"]
[Site "Napoli ITA"]
[Date "2011.05.12"]
[Round "2"]
[White "Avolio, Giovanni"]
[Black "Buiano, Fabio"]
[Result "0-1"]
[WhiteElo "1838"]
[BlackElo "2108"]
[PlyCount "64"]
[EventDate "2011.05.06"]

1. c4 e5 2. Nc3 Bb4 3. g3 Bxc3 4. bxc3 Nf6 5. Bg2 O-O 6. Nf3 e4 7. Nd4 Re8 8.
O-O d5 9. cxd5 Qxd5 10. f3 Qh5 11. Rf2 c5 12. Nb5 Qe5 13. fxe4 Rd8 14. Qc2 Nc6
15. Bb2 c4 16. Nd4 Qh5 17. Bf3 Ng4 18. Nxc6 bxc6 19. Bxg4 Bxg4 20. d4 Re8 21.
Bc1 Re6 22. e5 Rae8 23. h4 Rg6 24. Bf4 Bf5 25. Qd2 Be4 26. Rh2 Rg4 27. Rf1 Qg6
28. Rh3 Qe6 29. Qe3 Qd5 30. Rh2 h5 31. Rhf2 Bg6 32. Kh2 Re6 0-1

[Event "V Open Estate Vomero"]
[Site "Napoli ITA"]
[Date "2011.05.12"]
[Round "2"]
[White "Caporali, Dante"]
[Black "Di Lorenzo, Beniamino"]
[Result "1/2-1/2"]
[WhiteElo "1568"]
[BlackElo "1386"]
[PlyCount "62"]
[EventDate "2011.05.06"]

1. d4 d5 2. c4 e6 3. Nc3 Nc6 4. Nf3 Bb4 5. a3 Bxc3+ 6. bxc3 Nf6 7. Bg5 h6 8.
Bxf6 Qxf6 9. e3 O-O 10. Bd3 e5 11. cxd5 exd4 12. cxd4 Ne7 13. e4 Bg4 14. Be2
Rfe8 15. O-O Rad8 16. h3 Bh5 17. Re1 c6 18. e5 Qf4 19. dxc6 Nxc6 20. d5 Nxe5
21. Nxe5 Bxe2 22. Rxe2 Rxe5 23. Rxe5 Qxe5 24. Rc1 Rxd5 25. Qc2 b6 26. Qc8+ Kh7
27. Qb7 Ra5 28. Qxf7 Rxa3 29. Qc4 Ra1 30. Qc2+ Kh8 31. Qc8+ Kh7 1/2-1/2

[Event "V Open Estate Vomero"]
[Site "Napoli ITA"]
[Date "2011.05.12"]
[Round "2"]
[White "Condorelli, Pietro"]
[Black "Angelotti, Mario"]
[Result "1-0"]
[WhiteElo "1512"]
[BlackElo "1820"]
[PlyCount "91"]
[EventDate "2011.05.06"]

1. e4 e6 2. d4 d5 3. Nd2 Nf6 4. e5 Nfd7 5. Bd3 c5 6. c3 Nc6 7. Ne2 f6 8. exf6
Nxf6 9. O-O Bd6 10. Nf3 O-O 11. Ng3 cxd4 12. cxd4 Qb6 13. b3 Bxg3 14. fxg3 e5
15. Ba3 Re8 16. Bc5 Qc7 17. Bb5 e4 18. Ne5 Bd7 19. Rxf6 gxf6 20. Ng4 Bxg4 21.
Qxg4+ Qg7 22. Qf5 Rad8 23. Bxa7 Nxa7 24. Bxe8 Rxe8 25. Qxd5+ Qf7 26. Qc5 Nc6
27. Rf1 e3 28. d5 Re5 29. Re1 Rxd5 30. Qxe3 Re5 31. Qc3 Qe6 32. Rf1 Qd6 33. h3
Kg7 34. Kh2 Nd4 35. Qc8 Qc6 36. Qg4+ Kf7 37. Qxd4 Qd5 38. Qc3 Qc5 39. Qd3 Kg7
40. Qd7+ Re7 41. Qg4+ Kf7 42. Rf4 Re1 43. Qd7+ Re7 44. Qd3 Qh5 45. Rh4 Qg6 46.
Rxh7+ 1-0

[Event "V Open Estate Vomero"]
[Site "Napoli ITA"]
[Date "2011.05.12"]
[Round "2"]
[White "De Meo, Guido"]
[Black "De Rosa, Francesco"]
[Result "0-1"]
[WhiteElo "1826"]
[BlackElo "1962"]
[PlyCount "92"]
[EventDate "2011.05.06"]

1. d4 Nf6 2. c4 c5 3. Nf3 e6 4. Nc3 a6 5. g3 b6 6. Bg2 Bb7 7. e3 d5 8. cxd5
exd5 9. O-O Be7 10. b3 O-O 11. Bb2 Nbd7 12. Qe2 Ne4 13. Rfd1 Nxc3 14. Bxc3 Bf6
15. Rac1 Qe7 16. Qb2 Rac8 17. Ne1 c4 18. bxc4 Rxc4 19. Nd3 Rfc8 20. Bb4 Qe6 21.
Rxc4 Rxc4 22. Nf4 Qf5 23. Rc1 Bc8 24. Nxd5 Rxc1+ 25. Qxc1 Nf8 26. Be7 Be6 27.
e4 Qg6 28. Nf4 Qg5 29. Bxf6 gxf6 30. Qc7 Bxa2 31. Qxb6 Bc4 32. d5 Qe5 33. Qb1
a5 34. Nd3 Qc3 35. Bf1 Nd7 36. Nf4 Bb3 37. Bb5 Ne5 38. Be2 a4 39. Bd1 Qe1+ 40.
Kg2 Qxd1 41. Qxd1 Bxd1 42. d6 a3 43. Nd5 a2 44. Nxf6+ Kf8 45. d7 Ke7 46. Nxh7
a1=Q 0-1

[Event "V Open Estate Vomero"]
[Site "Napoli ITA"]
[Date "2011.05.12"]
[Round "2"]
[White "Della Corte, Alessandro"]
[Black "Caiazzo, Diego"]
[Result "1-0"]
[WhiteElo "2253"]
[BlackElo "1854"]
[PlyCount "57"]
[EventDate "2011.05.06"]

1. d4 e6 2. c4 Nf6 3. Nc3 d5 4. Bg5 Be7 5. e3 O-O 6. Nf3 h6 7. Bxf6 Bxf6 8. Rc1
c6 9. Bd3 Nd7 10. O-O Re8 11. e4 dxc4 12. Bxc4 Nb6 13. Bb3 Bd7 14. Qe2 Bg5 15.
Rcd1 Qe7 16. g3 h5 17. e5 Bh6 18. Ne4 Nd5 19. Nh4 Nf4 20. Qc2 Nh3+ 21. Kh1 Ng5
22. Nd6 Reb8 23. f4 Nh7 24. Qe2 g6 25. f5 gxf5 26. Qxh5 Qf8 27. Nhxf5 exf5 28.
Nxf7 Be3 29. Ng5+ 1-0

[Event "V Open Estate Vomero"]
[Site "Napoli ITA"]
[Date "2011.05.12"]
[Round "2"]
[White "Esposito, Pino"]
[Black "Zinnai, Graziano Matteo"]
[Result "0-1"]
[WhiteElo "1861"]
[BlackElo "1836"]
[PlyCount "96"]
[EventDate "2011.05.06"]

1. e4 c6 2. d4 d5 3. Nc3 dxe4 4. Nxe4 Bf5 5. Ng3 Bg6 6. Nf3 Nd7 7. h4 h6 8. h5
Bh7 9. Bd3 Bxd3 10. Qxd3 Ngf6 11. Bd2 e6 12. O-O-O Be7 13. Rde1 O-O 14. Kb1 c5
15. c3 cxd4 16. cxd4 Qb6 17. a3 a5 18. Nf5 Rfe8 19. Nxe7+ Rxe7 20. Rh4 Qa6 21.
Qc2 b6 22. g4 Rc8 23. Qd1 Qd3+ 24. Ka1 Qc2 25. Qe2 Qc4 26. Qxc4 Rxc4 27. g5
hxg5 28. Bxg5 Re8 29. h6 Nh7 30. Be3 g6 31. Kb1 f6 32. Nd2 Rc6 33. f4 Kf7 34.
Bf2 b5 35. Rg4 Nb6 36. Nb3 a4 37. Nc5 Rd8 38. f5 exf5 39. Rg3 g5 40. Rge3 Nd5
41. Re6 Rxe6 42. Rxe6 g4 43. Ra6 Kg6 44. Ne6 Re8 45. Rd6 f4 46. Rxd5 Rxe6 47.
Rxb5 g3 48. d5 gxf2 0-1

[Event "V Open Estate Vomero"]
[Site "Napoli ITA"]
[Date "2011.05.12"]
[Round "2"]
[White "Gallina, Giacomo"]
[Black "Improta, Giovanni"]
[Result "1-0"]
[WhiteElo "1698"]
[BlackElo "1861"]
[PlyCount "51"]
[EventDate "2011.05.06"]

1. e4 Nf6 2. Nc3 d5 3. e5 d4 4. Nb5 Ng4 5. f4 a6 6. Na3 b5 7. Be2 f5 8. h3 Nh6
9. Nf3 e6 10. d3 Nf7 11. Nb1 Be7 12. a4 Bh4+ 13. Kf1 b4 14. a5 Bd7 15. Nbd2 c5
16. Nb3 Be7 17. Qe1 Bb5 18. Qg3 O-O 19. h4 Qc7 20. Ng5 Qc8 21. Qf3 Nxg5 22.
hxg5 Bc6 23. Qh5 Bxg5 24. Qxh7+ Kf7 25. Bh5+ Ke7 26. Qxg7+ 1-0

[Event "V Open Estate Vomero"]
[Site "Napoli ITA"]
[Date "2011.05.12"]
[Round "2"]
[White "Gallo, Thomas Renato"]
[Black "Esposito, Rosario"]
[Result "1-0"]
[WhiteElo "1881"]
[BlackElo "1841"]
[PlyCount "145"]
[EventDate "2011.05.06"]

1. d4 Nf6 2. Bf4 g6 3. Nf3 Bg7 4. e3 d5 5. Nbd2 O-O 6. Be2 Nbd7 7. h3 c5 8. c3
cxd4 9. cxd4 b6 10. O-O Bb7 11. Rc1 Rc8 12. Qa4 a5 13. b4 axb4 14. Qxb4 Re8 15.
Bb5 Bf8 16. Ne5 Nxe5 17. Bxe5 Nd7 18. Bxd7 Qxd7 19. Qxb6 Rc6 20. Rxc6 Qxc6 21.
Qxc6 Bxc6 22. Rc1 Rc8 23. a4 Bd7 24. Rxc8 Bxc8 25. Bc7 e6 26. Nf3 Be7 27. Kf1
Kf8 28. Ke1 Ke8 29. Bb6 Bd6 30. Kd2 Ba6 31. Kc3 h6 32. Bc5 Bc7 33. Kb4 h5 34.
h4 Bd8 35. g3 Bc7 36. Nd2 Kd7 37. f4 f6 38. e4 Bd8 39. e5 f5 40. Nf3 Be2 41.
Nd2 Ba6 42. Nb1 Bd3 43. Na3 Ba6 44. Kc3 Be2 45. Nb1 Ba5+ 46. Bb4 Bb6 47. Nd2
Ba6 48. Nb3 Kc6 49. Bc5 Bc7 50. Kb4 Bd8 51. Bd6 Bb6 52. Bc5 Bc7 53. Ba7 Kb7 54.
Bc5 Kc6 55. a5 Bd8 56. Bf8 Bc7 57. Nc5 Bc8 58. Be7 Bb8 59. Na4 Ba7 60. Bc5 Bb8
61. Bb6 Bc7 62. Bxc7 Kxc7 63. Nc5 Kc6 64. Nb3 Ba6 65. Nd2 Bc8 66. Nf3 Bd7 67.
Ng5 Bc8 68. Nh7 Kd7 69. Kb5 Kc7 70. a6 Bd7+ 71. Ka5 Bc8 72. Nf8 Kb8 73. Kb6 1-0

[Event "V Open Estate Vomero"]
[Site "Napoli ITA"]
[Date "2011.05.12"]
[Round "2"]
[White "Messina, Enrico"]
[Black "Rosato, Luciano"]
[Result "0-1"]
[WhiteElo "2127"]
[BlackElo "2272"]
[PlyCount "154"]
[EventDate "2011.05.06"]

1. e4 d6 2. d4 g6 3. Nc3 Bg7 4. Nf3 a6 5. Be3 Nd7 6. Qd2 b5 7. Bd3 Bb7 8. a4 b4
9. Ne2 c5 10. Ng3 Qc7 11. c3 bxc3 12. bxc3 Ngf6 13. Bh6 Bxh6 14. Qxh6 cxd4 15.
cxd4 Qc3+ 16. Ke2 Qb2+ 17. Qd2 Qxd2+ 18. Nxd2 e5 19. Nc4 Ke7 20. Na5 Rab8 21.
Rab1 Ba8 22. f3 exd4 23. Bxa6 Nc5 24. Bb5 Nfd7 25. Bc6 Ne5 26. Bb5 Rhc8 27.
Rhc1 Ke6 28. Nf1 f5 29. exf5+ gxf5 30. Nd2 Rg8 31. Rg1 Bd5 32. Ndb3 Nxb3 33.
Nxb3 Bxb3 34. Rxb3 Rbc8 35. f4 Rc2+ 36. Kd1 Ra2 37. Rb1 Rgxg2 38. Rxg2 Rxg2 39.
fxe5 dxe5 40. a5 Kd6 41. Be2 e4 42. a6 Rg1+ 43. Kc2 d3+ 44. Bxd3 exd3+ 45. Kb2
Rg2+ 46. Kc3 Ra2 47. Kxd3 Rxa6 48. Rb7 Ra3+ 49. Kd4 Ra4+ 50. Ke3 Rh4 51. Rb5
Ke6 52. Rb6+ Ke5 53. Rb5+ Kf6 54. Rb2 Kg5 55. Rg2+ Rg4 56. Rb2 h5 57. Kf3 Rf4+
58. Kg2 Kg4 59. Ra2 Rb4 60. Rc2 h4 61. h3+ Kg5 62. Rc8 Kf4 63. Rg8 Rb2+ 64. Kg1
Rb3 65. Kh2 Kf3 66. Rg5 Rb2+ 67. Kh1 f4 68. Rg6 Rb8 69. Kh2 Re8 70. Rg4 Re2+
71. Kh1 Ke3 72. Rxh4 Re1+ 73. Kh2 f3 74. Rh8 f2 75. Re8+ Kd4 76. Rd8+ Ke5 77.
Re8+ Kd6 0-1

[Event "V Open Estate Vomero"]
[Site "Napoli ITA"]
[Date "2011.05.12"]
[Round "2"]
[White "Petteruti, Antonio"]
[Black "Vannini, Aldo"]
[Result "0-1"]
[WhiteElo "1485"]
[BlackElo "1807"]
[PlyCount "120"]
[EventDate "2011.05.06"]

1. d4 e6 2. Nf3 d5 3. Bf4 c5 4. c3 Nc6 5. e3 Nf6 6. Be2 a6 7. O-O Bd6 8. Bxd6
Qxd6 9. a3 c4 10. b4 cxb3 11. Qxb3 Na5 12. Qa4+ Nc6 13. c4 dxc4 14. Qxc4 b5 15.
Qa2 Qd5 16. Nc3 Qxa2 17. Nxa2 Bb7 18. Rfc1 O-O 19. h3 Rfc8 20. Nc3 Na5 21. Nd2
h6 22. Na2 Nd5 23. Bf3 Nb6 24. Bxb7 Nxb7 25. Rxc8+ Rxc8 26. Rc1 Rxc1+ 27. Nxc1
Na5 28. Ncb3 Nxb3 29. Nxb3 Nc4 30. Nc5 Nxa3 31. Nxa6 Nc4 32. Nb4 Kf8 33. Kf1
Ke7 34. Ke2 Kd6 35. Kd3 f5 36. h4 e5 37. g3 e4+ 38. Kc3 Nb6 39. Kb3 Nd7 40. Kc3
Nf6 41. Kd2 Kc7 42. Na2 Kb6 43. Nc3 b4 44. Nd1 Kb5 45. Kc2 Kc4 46. Kb2 Nd5 47.
Ka2 b3+ 48. Kb2 Kb4 49. Kb1 Ka3 50. Nb2 Nc3+ 51. Ka1 Kb4 52. h5 Kb5 53. d5 Nxd5
54. Kb1 Nc3+ 55. Kc1 Na4 56. Nd1 Kc4 57. Kd2 Kb4 58. Kc1 Nc3 59. Nb2 Ka3 60.
Nc4+ Ka2 0-1

[Event "V Open Estate Vomero"]
[Site "Napoli ITA"]
[Date "2011.05.12"]
[Round "2"]
[White "Pinto, Gaetano"]
[Black "Di Meo, Antonio"]
[Result "1/2-1/2"]
[WhiteElo "2027"]
[BlackElo "1981"]
[PlyCount "57"]
[EventDate "2011.05.06"]

1. e4 b6 2. d4 Bb7 3. Bd3 e6 4. Nf3 c5 5. c3 d6 6. Qe2 Be7 7. Nbd2 Nf6 8. O-O
O-O 9. Re1 Re8 10. Nf1 a6 11. Ng3 Nbd7 12. Bd2 Nf8 13. Rad1 Qc7 14. h3 Ng6 15.
Nh2 b5 16. Ng4 Nxg4 17. Qxg4 Bf6 18. Nh5 Be7 19. f4 Bc8 20. f5 exf5 21. exf5
Bd7 22. Rxe7 Rxe7 23. Qg3 c4 24. Bb1 Rae8 25. Bf4 Qc8 26. Bxd6 Bxf5 27. Bxe7
Rxe7 28. Re1 Rxe1+ 29. Qxe1 1/2-1/2

[Event "V Open Estate Vomero"]
[Site "Napoli ITA"]
[Date "2011.05.12"]
[Round "2"]
[White "Saccone, Fabio"]
[Black "Capone, Vincenzo"]
[Result "1/2-1/2"]
[WhiteElo "2308"]
[BlackElo "2128"]
[PlyCount "71"]
[EventDate "2011.05.06"]

1. e4 c5 2. Ne2 Nf6 3. Nbc3 d5 4. exd5 Nxd5 5. g3 e5 6. Bg2 Be6 7. O-O Nc6 8.
d3 Be7 9. Bd2 O-O 10. f4 exf4 11. Bxd5 Bxd5 12. Nxf4 Be6 13. Nxe6 fxe6 14. Be3
Rf5 15. Qe2 Qd7 16. Rae1 Raf8 17. Rxf5 exf5 18. Qg2 Rd8 19. a3 b6 20. Ne2 Bf6
21. b3 Re8 22. Bf2 Bb2 23. a4 Nb4 24. Nf4 Bd4 25. Rxe8+ Qxe8 26. Bxd4 Qe1+ 27.
Qf1 Qxf1+ 28. Kxf1 cxd4 29. Ke2 Nxc2 30. Ne6 Kf7 31. Nd8+ Ke8 32. Nc6 Kd7 33.
Nxa7 Na1 34. b4 Nc2 35. Nb5 Nxb4 36. Nxd4 1/2-1/2

[Event "V Open Estate Vomero"]
[Site "Napoli ITA"]
[Date "2011.05.12"]
[Round "2"]
[White "Scalera, Salvatore"]
[Black "Somma, Erminio"]
[Result "1-0"]
[WhiteElo "1473"]
[BlackElo "1678"]
[PlyCount "65"]
[EventDate "2011.05.06"]

1. d4 f5 2. c4 Nf6 3. Nf3 g6 4. Nc3 Bg7 5. e3 d6 6. Bd3 O-O 7. O-O Qe8 8. e4
fxe4 9. Nxe4 Bg4 10. h3 Bxf3 11. Qxf3 Nxe4 12. Qxe4 c6 13. f4 e6 14. Re1 Rf6
15. d5 cxd5 16. cxd5 e5 17. fxe5 Qxe5 18. Qb4 Qg3 19. Re8+ Bf8 20. Bh6 Qf2+ 21.
Kh1 Na6 22. Rxf8+ Raxf8 23. Bxa6 bxa6 24. Bxf8 Rxf8 25. Qxd6 Qxb2 26. Re1 Qd2
27. Qe6+ Kg7 28. d6 Rf2 29. d7 Rxg2 30. Qe7+ Kh6 31. Qh4+ Kg7 32. Re7+ Kf8 33.
Qf6+ 1-0

[Event "V Open Estate Vomero"]
[Site "Napoli ITA"]
[Date "2011.05.12"]
[Round "2"]
[White "Soave, Vittorio"]
[Black "Somma, Andrea"]
[Result "0-1"]
[WhiteElo "1422"]
[BlackElo "1590"]
[PlyCount "64"]
[EventDate "2011.05.06"]

1. d4 d5 2. c4 e6 3. Nf3 Nd7 4. Bg5 Ngf6 5. e3 Be7 6. Nc3 c6 7. Rc1 h6 8. Bh4
Ne4 9. Bxe7 Qxe7 10. Qc2 f5 11. Bd3 Ndf6 12. O-O O-O 13. Ne5 Re8 14. Nxe4 fxe4
15. Be2 Nd7 16. Nxd7 Bxd7 17. c5 Qg5 18. Rfe1 e5 19. Qc3 Bh3 20. Bf1 Re6 21. g3
Bg4 22. Bg2 Bf3 23. b4 Rf8 24. a4 Qh5 25. b5 Bxg2 26. Kxg2 Qf3+ 27. Kg1 Qxf2+
28. Kh1 exd4 29. Qxd4 Rf3 30. Rb1 Rg6 31. Rbd1 Rfxg3 32. hxg3 Rxg3 0-1